[Event "57th Biel Rapid Open"]
[Site "Biel SUI"]
[Date "2024.07.14"]
[Round "3.42"]
[White "Musaelyan, Arshavir"]
[Black "King, Alexander"]
[Result "1-0"]
[WhiteElo "1981"]
[BlackElo "1935"]
[WhiteFideId "1332082"]
[BlackFideId "1352334"]
[EventDate "2024.07.14"]
[EventType "swiss"]

1. d4 b6 2. e4 Bb7 3. Bd3 e6 4. Nf3 Nf6 5. Qe2 d5 6. e5 Ne4 7. Nbd2 Nxd2 8. Bxd2
c5 9. c3 Qc8 10. O-O Ba6 11. Ne1 Be7 12. Qg4 g6 13. Bh6 Nc6 14. a3 Bxd3 15. Nxd3
Qa6 16. Rfd1 Qc4 17. Rac1 a5 18. Nf4 Qb3 19. Bg7 h5 20. Qh3 Rg8 21. Nxe6 Ra7 22.
dxc5 bxc5 23. Nxc5 Bxc5 24. Qc8+ Ke7 25. Qxc6 Qb6 26. Bf6+ Kf8 27. Qc8+ 1-0

[Event "57th Biel Rapid Open"]
[Site "Biel SUI"]
[Date "2024.07.14"]
[Round "3.43"]
[White "Wilhelm, Serge"]
[Black "Wild, Beat"]
[Result "1-0"]
[WhiteElo "1916"]
[BlackElo "1732"]
[WhiteFideId "1305808"]
[BlackFideId "1320041"]
[EventDate "2024.07.14"]
[EventType "swiss"]

1. d4 d5 2. Nf3 e6 3. e3 c5 4. c3 cxd4 5. exd4 Nf6 6. Bd3 h6 7. O-O Nc6 8. Bf4
Bd6 9. Bxd6 Qxd6 10. Re1 O-O 11. Nbd2 Re8 12. Ne5 Ne7 13. Ndf3 Nd7 14. Bc2 Rf8
15. Qd3 f5 16. Nxd7 Bxd7 17. Ne5 Rf6 18. Re3 Raf8 19. Rae1 a6 20. a4 Ng6 21. g3
Be8 22. Qe2 Qe7 23. Nxg6 Rxg6 24. Rxe6 Rxe6 25. Qxe6+ Qxe6 26. Rxe6 Bc6 27. f4
Kf7 28. Re5 g6 29. Bb3 Rd8 30. Kf2 Kf6 31. Ke3 g5 32. Bc2 gxf4+ 33. Kxf4 Kg7 34.
a5 Rf8 35. Bxf5 Rf6 36. Re7+ Kf8 37. Rc7 Kg8 38. Ke5 Rf8 39. Re7 Rf7 40. Be6 1-0

[Event "57th Biel Rapid Open"]
[Site "Biel SUI"]
[Date "2024.07.14"]
[Round "3.44"]
[White "Akhmediyar, Yernur"]
[Black "Rait, Albert"]
[Result "0-1"]
[WhiteElo "1751"]
[BlackElo "1932"]
[WhiteFideId "13732129"]
[BlackFideId "16289161"]
[EventDate "2024.07.14"]
[EventType "swiss"]

1. c4 Nf6 2. Nc3 e5 3. Nf3 Nc6 4. e4 Bb4 5. d3 a5 6. Be2 O-O 7. Bg5 h6 8. Bh4
Re8 9. O-O Be7 10. d4 exd4 11. Nxd4 Nxe4 12. Nxc6 bxc6 13. Nxe4 Bxh4 14. Bf3 Bf6
15. Rb1 Rb8 16. b3 d5 17. cxd5 cxd5 18. Nxf6+ Qxf6 19. Qxd5 Bb7 20. Qxa5 Bxf3
21. gxf3 Re5 22. Qxc7 Rg5+ 23. Qg3 Qxf3 24. Rbe1 Rbb5 25. Re3 Rxg3+ 26. hxg3 Qa8
27. a4 Rh5 28. f3 Qa7 29. Re1 Re5 30. Kf2 g5 31. f4 Rf5 32. Kf3 gxf4 33. gxf4
Qd4 34. Re4 Qd5 35. Re3 Qd1+ 36. Kg3 Qg1+ 37. Kf3 h5 38. Re2 Qg4+ 39. Ke3 Qg3+
40. Kd2 Qxb3 41. R2e3 Rd5+ 42. Ke2 Qd1+ 43. Kf2 Rd2+ 44. Re2 Rxe2+ 45. Rxe2 Qd4+ 0-1

[Event "57th Biel Rapid Open"]
[Site "Biel SUI"]
[Date "2024.07.14"]
[Round "3.46"]
[White "Kheerthi, Ganta"]
[Black "Wolffs, Walter"]
[Result "1-0"]
[WhiteTitle "WFM"]
[WhiteElo "1918"]
[BlackElo "1554"]
[WhiteFideId "25626280"]
[BlackFideId "3213994"]
[EventDate "2024.07.14"]
[EventType "swiss"]

1. d4 Nf6 2. Nf3 d5 3. e3 e6 4. Bd3 c5 5. b3 Bd7 6. Bb2 Nc6 7. a3 Na5 8. dxc5
Nc6 9. b4 a5 10. Qd2 Ne4 11. Bxe4 dxe4 12. Ne5 Nxe5 13. Bxe5 Qg5 14. Bg3 axb4
15. Qxb4 Bxc5 16. Qxb7 Qd5 17. Qxd5 exd5 18. O-O O-O 19. Nc3 Rxa3 20. Nxd5 Rfa8
21. Rxa3 Rxa3 22. h3 Ra2 23. Rb1 h6 24. c3 Rd2 25. Nf4 g5 26. Nh5 Be6 27. Nf6+
Kg7 28. Nxe4 Rd5 29. c4 Rf5 30. Rb5 Be7 31. Rb7 Bc5 32. Rc7 Bb6 33. Rc6 Ba5 34.
Nd6 Rf6 35. Be5 1-0

[Event "57th Biel Rapid Open"]
[Site "Biel SUI"]
[Date "2024.07.14"]
[Round "3.47"]
[White "Materia, Mario"]
[Black "Bonanomi, Silvan"]
[Result "1-0"]
[WhiteElo "1590"]
[BlackElo "1924"]
[WhiteFideId "651082241"]
[BlackFideId "1352644"]
[EventDate "2024.07.14"]
[EventType "swiss"]

1. d4 Nf6 2. c4 e6 3. Nc3 Bb4 4. Nf3 d5 5. Bg5 h6 6. Bh4 c5 7. e3 g5 8. Bg3 Ne4
9. Qc2 h5 10. h3 Nxg3 11. fxg3 Qc7 12. Kf2 h4 13. gxh4 gxh4 14. cxd5 cxd4 15.
Qa4+ Bd7 16. Qxb4 dxc3 17. dxe6 Bxe6 18. Qxc3 Qg3+ 19. Kg1 Rg8 20. Qf6 Nd7 21.
Qf4 Ke7 22. Qxh4+ Nf6 23. Qxg3 Rxg3 24. Rc1 Rag8 25. Kh2 Bxh3 26. gxh3 Rxf3 27.
Bg2 Rf2 28. Rhg1 Rxb2 29. Rc7+ Ke6 30. Kh1 Ng4 31. e4 Nf2+ 32. Kh2 Ng4+ 33. hxg4
Rxg4 34. a4 Rxe4 35. Rxb7 Rxb7 36. Bxe4 Rb2+ 37. Kg3 1-0

[Event "57th Biel Rapid Open"]
[Site "Biel SUI"]
[Date "2024.07.14"]
[Round "3.48"]
[White "Primbetova, Raikhan"]
[Black "Lee, Peter"]
[Result "1-0"]
[WhiteElo "1534"]
[BlackElo "1870"]
[WhiteFideId "13733494"]
[BlackFideId "1315420"]
[EventDate "2024.07.14"]
[EventType "swiss"]

1. c4 g6 2. g3 Bg7 3. Bg2 c6 4. Nc3 e5 5. d3 d6 6. e4 Nf6 7. Nge2 Be6 8. O-O Qd7
9. f4 Bh3 10. f5 Bxg2 11. Kxg2 Na6 12. Bg5 Qe7 13. Ng1 h6 14. Bxf6 Bxf6 15. fxg6
fxg6 16. Qg4 h5 17. Qxg6+ 1-0

[Event "57th Biel Rapid Open"]
[Site "Biel SUI"]
[Date "2024.07.14"]
[Round "3.55"]
[White "Hauser, Armando"]
[Black "Farhat Willemstein, Stela Souza"]
[Result "0-1"]
[BlackTitle "WFM"]
[WhiteElo "1840"]
[BlackElo "1863"]
[WhiteFideId "1340514"]
[BlackFideId "2109808"]
[EventDate "2024.07.14"]
[EventType "swiss"]

1. e4 c6 2. d4 d5 3. e5 Bf5 4. Be3 e6 5. Nd2 Nd7 6. Ngf3 c5 7. c3 c4 8. Be2 Qb6
9. Qc1 h6 10. O-O Ne7 11. Nh4 Bh7 12. f4 Nf5 13. Nxf5 Bxf5 14. Rf2 Be7 15. Nf1
O-O-O 16. Bd1 Bh7 17. b3 cxb3 18. Bxb3 Bd3 19. c4 dxc4 20. Bxc4 Bxc4 21. Qxc4+
Kb8 22. Qd3 Qc6 23. Rb1 Nb6 24. Rfb2 Rd5 25. Nd2 Rhd8 26. Qb3 R8d7 27. Rc2 Qa4
28. Qxa4 Nxa4 29. Rc4 Nb6 30. Rc2 g5 31. g3 Rc7 32. Rbc1 Rxc2 33. Rxc2 Bb4 34.
Ne4 gxf4 35. gxf4 Be7 36. Kg2 Rd8 37. Kf3 Nd5 38. Rg2 Nxe3 39. Kxe3 Bf8 40. Rg8
Kc7 41. Nf6 a6 42. Rh8 Bg7 43. Rxd8 Kxd8 44. Ne4 Bf8 45. a4 b6 46. Nf6 Kc7 47.
Kd3 Kc6 48. Kc4 b5+ 49. axb5+ axb5+ 50. Kb3 b4 51. Kc4 Kb7 52. Nd7 Be7 53. Nc5+ 0-1

[Event "57th Biel Rapid Open"]
[Site "Biel SUI"]
[Date "2024.07.14"]
[Round "3.56"]
[White "Trubini, Timon"]
[Black "Marinkovic, Zoran"]
[Result "0-1"]
[WhiteElo "1693"]
[BlackElo "2105"]
[WhiteFideId "1347799"]
[BlackFideId "1346083"]
[EventDate "2024.07.14"]
[EventType "swiss"]

1. e4 c5 2. c3 d5 3. exd5 Qxd5 4. d4 Nf6 5. Nf3 e6 6. Nbd2 cxd4 7. cxd4 Nc6 8.
Bc4 Qh5 9. O-O Bd6 10. Re1 O-O 11. Ne4 Rd8 12. Bg5 Be7 13. Bxf6 Bxf6 14. Nxf6+
gxf6 15. Qd2 Ne7 16. Re4 Nf5 17. g4 Qg6 18. Bd3 Qg7 19. h3 Bd7 20. Kh2 Nd6 21.
Ree1 Bc6 22. Qe2 Kh8 23. Rg1 Nc8 24. g5 f5 25. Ne5 Rxd4 26. Nxc6 bxc6 27. Bxf5
Ne7 28. Bd3 Rad8 29. Rg3 Nd5 30. Rd1 Nf4 31. Qc2 Qe5 32. Rgg1 Nxd3+ 33. Rg3 0-1

[Event "57th Biel Rapid Open"]
[Site "Biel SUI"]
[Date "2024.07.14"]
[Round "3.58"]
[White "Fernandez Van Raap, Marcela"]
[Black "Stebahne, Olaf"]
[Result "0-1"]
[WhiteElo "1613"]
[BlackElo "1897"]
[WhiteFideId "3021068"]
[BlackFideId "24600270"]
[EventDate "2024.07.14"]
[EventType "swiss"]

1. e4 c5 2. Nf3 Nc6 3. d4 cxd4 4. Nxd4 g6 5. Be3 Bg7 6. Bc4 e6 7. Nc3 a6 8. Qd2
h5 9. O-O-O Nge7 10. Rhe1 Ne5 11. Bb3 Ng4 12. Bg5 f6 13. Nxe6 Qa5 14. Nxg7+ Kf8
15. Ne6+ dxe6 16. Qd8+ Qxd8 17. Rxd8+ Kg7 18. Rxh8 Kxh8 19. Bd2 b5 20. f3 Ne5
21. Ne2 Nc4 22. Bc3 e5 23. f4 Nc6 24. fxe5 fxe5 25. Rf1 Kg7 26. Be1 Ra7 27. Bh4
Rf7 28. Rxf7+ Kxf7 29. Nc3 Be6 30. Bf2 Nd4 31. Nd5 Bxd5 32. exd5 Ke7 33. a4 bxa4
34. Bxa4 Ne2+ 35. Kb1 Nf4 36. Bc5+ Nd6 37. Bc6 Nxg2 38. b3 Nf4 39. Kb2 g5 40. c4
g4 41. b4 h4 42. b5 axb5 43. cxb5 Nd3+ 44. Kc3 Nxc5 45. b6 g3 46. hxg3 hxg3 47.
b7 Ncxb7 0-1

[Event "57th Biel Rapid Open"]
[Site "Biel SUI"]
[Date "2024.07.14"]
[Round "3.59"]
[White "Settegrana, Miro"]
[Black "Schaefer, Gion"]
[Result "1/2-1/2"]
[WhiteElo "1532"]
[BlackElo "1848"]
[WhiteFideId "1352466"]
[BlackFideId "1362097"]
[EventDate "2024.07.14"]
[EventType "swiss"]

1. e4 c5 2. a3 Nc6 3. b4 cxb4 4. axb4 Nxb4 5. c3 Nc6 6. d4 e6 7. Nf3 Nf6 8. Bd3
Be7 9. Bg5 d6 10. Nbd2 h6 11. Bh4 e5 12. dxe5 dxe5 13. Nc4 Qc7 14. Qb3 Be6 15.
O-O Rd8 16. Rfd1 a6 17. Qa4 b5 18. Qxa6 bxc4 19. Bxc4 Bxc4 20. Qxc4 O-O 21. Rdb1
Rb8 22. Rd1 Rb2 23. Ra6 Rc8 24. Bg3 Rb6 25. Rda1 Qb7 26. R6a4 Rb1+ 27. Rxb1
Qxb1+ 28. Qf1 Qxf1+ 29. Kxf1 Nh5 30. Rc4 Nxg3+ 31. hxg3 Na7 32. Nxe5 Rxc4 33.
Nxc4 Nb5 34. Ke2 Nxc3+ 35. Kd3 Nb5 36. f4 Nd6 37. Ne3 g6 38. Nd5 Kf8 39. g4 f5
40. gxf5 gxf5 41. e5 Ne4 42. Ne3 Ng3 43. Kc4 Ne2 44. Nxf5 Nxf4 45. Nxh6 Nxg2 46.
Nf5 Bg5 47. e6 Ke8 48. Kd4 Be3+ 49. Ke5 Nf4 50. Nd6+ Kf8 1/2-1/2

[Event "57th Biel Rapid Open"]
[Site "Biel SUI"]
[Date "2024.07.14"]
[Round "3.61"]
[White "Wilhelm, Marco"]
[Black "Abeln, Dirk"]
[Result "0-1"]
[WhiteElo "1498"]
[BlackElo "1809"]
[WhiteFideId "1347039"]
[BlackFideId "1348779"]
[EventDate "2024.07.14"]
[EventType "swiss"]

1. d4 e6 2. Nf3 Nf6 3. e3 b6 4. Bd3 Bb7 5. b3 c5 6. Bb2 Be7 7. O-O O-O 8. Nbd2
cxd4 9. exd4 d5 10. Ne5 Nc6 11. Ndf3 Bd6 12. Qe2 Nb4 13. Bb5 a6 14. Bd3 Nxd3 15.
Qxd3 a5 16. c4 dxc4 17. Nxc4 Be7 18. Rac1 Nd5 19. a4 Rc8 20. Ne3 Nxe3 21. Qxe3
Qd5 22. Rxc8 Rxc8 23. Rc1 Rxc1+ 24. Bxc1 Bf6 25. h3 Qd6 26. Bd2 Bd5 27. Qc3 Qd7
28. b4 axb4 29. Qxb4 Bxf3 30. gxf3 Bxd4 31. Bc3 Bc5 32. Qe4 Qd5 33. Qf4 h6 34.
Qg4 Qg5 35. Kg2 f5 36. Qxg5 hxg5 37. Kg3 Kf7 38. Be1 e5 39. h4 gxh4+ 40. Kxh4
Kf6 41. Kh5 g6+ 42. Kh4 g5+ 43. Kg3 Kg6 44. Bc3 Bd4 45. Bd2 Kh5 46. Be3 Bxe3 47.
fxe3 g4 48. fxg4+ fxg4 49. Kh2 Kh4 50. Kg2 g3 51. Kh1 Kh3 52. Kg1 g2 53. e4 Kg4
54. Kxg2 Kf4 55. Kf2 Kxe4 56. Ke2 Kd4 57. Kd2 e4 58. Ke2 e3 59. Ke1 Kc4 60. Ke2
Kb4 61. Kxe3 Kxa4 62. Kd3 Ka3 63. Kc2 Ka2 64. Kc3 Ka3 65. Kc2 b5 66. Kb1 Kb3 67.
Kc1 Ka2 68. Kc2 b4 69. Kc1 b3 70. Kd2 0-1

[Event "57th Biel Rapid Open"]
[Site "Biel SUI"]
[Date "2024.07.14"]
[Round "4.1"]
[White "Gan-Erdene, Sugar"]
[Black "Sasikiran, Krishnan"]
[Result "1/2-1/2"]
[WhiteTitle "IM"]
[BlackTitle "GM"]
[WhiteElo "2407"]
[BlackElo "2581"]
[WhiteFideId "4902980"]
[BlackFideId "5004985"]
[EventDate "2024.07.14"]
[EventType "swiss"]

1. e4 e5 2. Nf3 Nc6 3. Nc3 Nf6 4. Bb5 Bb4 5. O-O O-O 6. d3 Bxc3 7. bxc3 d6 8.
Bg5 h6 9. Bh4 Qe7 10. Re1 a6 11. Ba4 Nd8 12. d4 Ne6 13. Bg3 Ng5 14. Nxg5 hxg5
15. Bb3 Rd8 16. Qe2 Bg4 17. Qe3 Nh5 18. f3 Bd7 19. dxe5 dxe5 20. Bf2 Nf4 21.
Rad1 Be6 22. g3 Nh3+ 23. Kg2 Nxf2 24. Kxf2 Rd6 25. Rxd6 cxd6 26. Rd1 Rc8 27. Rd3
Rc6 28. Ke1 g6 29. Kd2 Bc4 30. Bxc4 Rxc4 31. Qb6 Rc6 32. Qe3 Kg7 33. Rd5 f6 34.
a4 Qc7 35. a5 b5 36. axb6 Rxb6 37. h4 gxh4 38. gxh4 Rc6 39. Qd3 Qb6 40. Qe2 Qg1
41. Qd3 Qf2+ 42. Qe2 Qxh4 43. Qe3 Qf4 44. Qxf4 exf4 45. c4 Kf7 46. Kd3 Ke6 47.
Ra5 g5 48. Ra1 f5 49. exf5+ Kxf5 50. Ra5+ Kf6 51. Kd4 Rb6 52. Rd5 Rc6 53. Kd3
Kg6 54. Ra5 Kh5 55. Rd5 Kh4 56. Ra5 g4 57. fxg4 Kxg4 58. Ra1 Kg3 59. Rg1+ Kf2
60. Rg6 Kf3 61. c5 Rxc5 62. Rxd6 Ra5 63. c4 Ra1 64. Re6 a5 65. Kc3 Rc1+ 66. Kd3
Kf2 67. Ra6 Ra1 68. c5 f3 69. Kc2 Kg2 70. Rg6+ Kh3 71. Rf6 Kg3 72. c6 Ra4 73.
Kd3 Ra1 74. Kd2 Ra4 75. Kd3 Ra1 1/2-1/2

[Event "57th Biel Rapid Open"]
[Site "Biel SUI"]
[Date "2024.07.14"]
[Round "4.2"]
[White "Nesterov, Arseniy"]
[Black "Munkhzul, Turmunkh"]
[Result "1-0"]
[WhiteTitle "GM"]
[BlackTitle "WGM"]
[WhiteElo "2602"]
[BlackElo "2250"]
[WhiteFideId "24198455"]
[BlackFideId "4901878"]
[EventDate "2024.07.14"]
[EventType "swiss"]

1. d4 Nf6 2. c4 g6 3. Nc3 Bg7 4. e4 d6 5. Be2 O-O 6. Be3 e5 7. d5 a5 8. g4 Na6
9. g5 Ne8 10. h4 c6 11. h5 Bd7 12. f3 Nec7 13. Nh3 cxd5 14. exd5 Nc5 15. Nf2 Bf5
16. Bxc5 dxc5 17. Nfe4 b5 18. cxb5 Bxe4 19. Nxe4 Nxd5 20. hxg6 hxg6 21. Qc2 c4
22. O-O-O Rc8 23. Kb1 Rc7 24. Bxc4 Ne3 25. Qh2 Qxd1+ 26. Rxd1 Rfc8 27. Nf6+ Kf8
28. Qxe5 Nxc4 29. Rd8+ Rxd8 30. Qxc7 Rd1+ 31. Kc2 Ne3+ 32. Kb3 Nf5 33. Qc8+ Ke7
34. Qe8+ 1-0

[Event "57th Biel Rapid Open"]
[Site "Biel SUI"]
[Date "2024.07.14"]
[Round "4.3"]
[White "Harsha, Bharathakoti"]
[Black "Munguntuul, Batkhuyag"]
[Result "1/2-1/2"]
[WhiteTitle "GM"]
[BlackTitle "IM"]
[WhiteElo "2569"]
[BlackElo "2356"]
[WhiteFideId "5078776"]
[BlackFideId "4900758"]
[EventDate "2024.07.14"]
[EventType "swiss"]

1. d4 d5 2. c4 c6 3. Nf3 Nf6 4. Nc3 e6 5. e3 Nbd7 6. Be2 dxc4 7. a4 Bb4 8. O-O
O-O 9. Bxc4 Qe7 10. Ne5 Nd5 11. Nd3 Bd6 12. e4 N5b6 13. Bb3 e5 14. d5 a5 15. Re1
Nc5 16. Nxc5 Bxc5 17. Be3 Rd8 18. d6 Bxd6 19. Bxb6 Bc7 20. Nd5 cxd5 21. Bxc7
Qxc7 22. exd5 Qd6 23. Qh5 Re8 24. Re4 Bd7 25. Rae1 f5 26. Rh4 h6 27. Rh3 Ra6 28.
Rg3 Rb6 29. h3 Rf8 30. Rc3 Rb4 31. Qe2 e4 32. Qc2 b5 33. axb5 Bxb5 34. Bc4 Bxc4
35. Rxc4 Qxd5 36. Rc5 Rxb2 37. Qc3 Qd2 38. Qxd2 Rxd2 39. Rxa5 Rf7 40. Rc1 Kh7
41. Re5 h5 42. h4 Ra2 43. Rcc5 Ra1+ 44. Kh2 Ra2 45. Rxf5 Rxf2 46. Rxh5+ Kg8 47.
Rce5 Re2 48. Rhg5 Rf4 49. Kg3 Rff2 50. Kh3 Re1 51. Re7 Re3+ 52. g3 Rf7 53. Re8+
Rf8 54. Re7 Rf7 55. Re8+ Rf8 56. Rxf8+ Kxf8 57. Kg4 Kf7 58. Kf4 Re1 59. Re5 Rf1+
60. Kxe4 Kg6 61. Rd5 Kh7 62. Rf5 Ra1 63. Kf4 Ra3 64. g4 Ra4+ 65. Kg5 Rb4 66. Rd5
Ra4 67. Re5 Rb4 68. h5 Ra4 69. Kf5 Rb4 70. Rd5 Ra4 71. Rc5 Rb4 72. Ra5 Rc4 73.
Rd5 Ra4 74. g5 g6+ 75. hxg6+ Kg7 76. Rd7+ Kg8 77. Rd8+ Kg7 78. Rd7+ Kg8 79. Re7
Ra1 80. Re8+ Kg7 81. Re7+ Kg8 82. g7 Ra6 83. Kg4 Ra4+ 84. Kh5 Ra6 85. Rc7 Rb6
86. Rd7 Ra6 87. Kg4 Ra4+ 88. Kf5 Ra6 89. g6 Ra5+ 90. Ke6 Ra6+ 91. Rd6 Rxd6+ 92.
Kxd6 Kxg7 93. Ke6 Kxg6 1/2-1/2

[Event "57th Biel Rapid Open"]
[Site "Biel SUI"]
[Date "2024.07.14"]
[Round "4.4"]
[White "Tahay, Alexis"]
[Black "Jumabayev, Rinat"]
[Result "0-1"]
[WhiteTitle "IM"]
[BlackTitle "GM"]
[WhiteElo "2392"]
[BlackElo "2565"]
[WhiteFideId "26090961"]
[BlackFideId "13702661"]
[EventDate "2024.07.14"]
[EventType "swiss"]

1. e4 c5 2. Nf3 e6 3. d4 cxd4 4. Nxd4 a6 5. c4 Nf6 6. Nc3 Bb4 7. Qd3 Qc7 8. a3
Bxc3+ 9. Qxc3 O-O 10. Bd3 b6 11. Bg5 Bb7 12. Bxf6 gxf6 13. O-O Qf4 14. g3 Qe5
15. f4 Qc5 16. b4 Qe7 17. g4 a5 18. Rab1 axb4 19. Qxb4 Qxb4 20. axb4 Ra3 21. Rb3
Rxb3 22. Nxb3 Nc6 23. b5 Nb4 24. Rd1 Nxd3 25. Rxd3 Bxe4 26. Rxd7 Bf3 27. Kf2
Bxg4 28. c5 bxc5 29. Nxc5 Rb8 30. Ne4 Kg7 31. Nd6 Bh5 32. Ke3 e5 33. fxe5 fxe5
34. Ke4 Kf6 35. Kd5 Bg6 36. Kc5 e4 37. Nc4 Bf5 38. Rd6+ Be6 39. Ne3 Ke5 40. Rd1
f5 41. Nc4+ Bxc4 42. Kxc4 e3 43. Rd7 Ke4 44. Rxh7 f4 45. Re7+ Kf3 46. h4 Kf2 47.
h5 e2 48. h6 e1=Q 49. Rxe1 Kxe1 0-1

[Event "57th Biel Rapid Open"]
[Site "Biel SUI"]
[Date "2024.07.14"]
[Round "4.5"]
[White "Materia, Marco"]
[Black "Gloeckler, Christian"]
[Result "1-0"]
[WhiteTitle "IM"]
[BlackTitle "FM"]
[WhiteElo "2453"]
[BlackElo "2304"]
[WhiteFideId "45150451"]
[BlackFideId "34608966"]
[EventDate "2024.07.14"]
[EventType "swiss"]

1. d4 Nf6 2. c4 e6 3. Nf3 d5 4. Nc3 c5 5. cxd5 Nxd5 6. e4 Nxc3 7. bxc3 cxd4 8.
cxd4 Bb4+ 9. Bd2 Bxd2+ 10. Qxd2 O-O 11. Bc4 Nd7 12. O-O b6 13. Rad1 Bb7 14. Rfe1
Rc8 15. Bb3 h6 16. h3 Nf6 17. Qd3 Qc7 18. d5 exd5 19. exd5 Qd6 20. Nd4 Rfe8 21.
Nf5 Qd7 22. Re3 Rxe3 23. Nxe3 Re8 24. d6 Ne4 25. Qd4 Nc5 26. Bc2 Be4 27. Bxe4
Rxe4 28. Qd5 Re6 29. Nf5 Kh7 30. Ne7 Qe8 31. Qf5+ g6 32. Qf4 Kg7 33. Qd4+ Kh7
34. Kh2 Qd7 35. Qf4 Kg7 36. Qd4+ Kh7 37. Qd5 Nb7 38. Qf3 Kg7 39. Qc3+ Kh7 40.
Qf3 Kg7 41. Qc3+ f6 42. Qg3 Qe8 43. Nf5+ Kh7 44. d7 Qd8 45. Nd4 Rd6 46. Qxd6
Nxd6 47. Ne6 1-0

[Event "57th Biel Rapid Open"]
[Site "Biel SUI"]
[Date "2024.07.14"]
[Round "4.6"]
[White "Sukandar, Irine Kharisma"]
[Black "Madaminov, Mukhiddin"]
[Result "0-1"]
[WhiteTitle "IM"]
[BlackTitle "IM"]
[WhiteElo "2338"]
[BlackElo "2512"]
[WhiteFideId "7101937"]
[BlackFideId "14210703"]
[EventDate "2024.07.14"]
[EventType "swiss"]

1. d4 Nf6 2. Bf4 g6 3. Nc3 d5 4. e3 Bg7 5. Nf3 c6 6. Ne5 Nh5 7. Qf3 Nxf4 8. exf4
Qb6 9. O-O-O f6 10. Ng4 Bxg4 11. Qxg4 f5 12. Qe2 Bxd4 13. Na4 Qb4 14. c3 Qxa4
15. Rxd4 Qxa2 16. Qe5 Rf8 17. Bd3 Nd7 18. Qc7 Nc5 19. Re1 Qa1+ 20. Kd2 Nb3+ 21.
Ke2 Qxb2+ 22. Kf1 Nd2+ 23. Kg1 Ne4 24. Bxe4 fxe4 25. Rb4 Qxc3 26. Reb1 b6 27.
R4b3 Qc5 28. Rh3 Rf7 29. Qb7 Rd8 30. Qxa7 Rxf4 31. Rf1 h5 32. Rb3 Kf7 33. Qc7
Rd6 34. g3 Rf3 35. Rxb6 Rdf6 36. Rb2 0-1

[Event "57th Biel Rapid Open"]
[Site "Biel SUI"]
[Date "2024.07.14"]
[Round "4.7"]
[White "Ganguly, Surya Shekhar"]
[Black "Krishnan, Ritvik"]
[Result "1-0"]
[WhiteTitle "GM"]
[BlackTitle "FM"]
[WhiteElo "2592"]
[BlackElo "2246"]
[WhiteFideId "5002150"]
[BlackFideId "45055297"]
[EventDate "2024.07.14"]
[EventType "swiss"]

1. Nf3 d5 2. e3 Nf6 3. c4 e6 4. Nc3 b6 5. b3 Bb7 6. Bb2 Nbd7 7. Rc1 a6 8. cxd5
exd5 9. Ne2 c5 10. g3 Bd6 11. Bg2 b5 12. O-O O-O 13. d4 c4 14. Ne5 Qc7 15. f4
Nb6 16. g4 Rac8 17. Ng3 b4 18. g5 Nfd7 19. Nf5 c3 20. Qg4 Kh8 21. Rc2 Rce8 22.
Bc1 Bc8 23. Rf3 g6 24. Nxd6 Nxe5 25. Nxe8 Rxe8 26. Qh4 Nxf3+ 27. Bxf3 Bf5 28.
Rg2 Qd7 29. Qf2 Be4 30. Bxe4 Rxe4 31. Qe2 Qc8 32. h4 Nd7 33. h5 Nf8 34. a3 Ne6
35. axb4 Nxf4 36. Qf3 Nxg2 37. Qf6+ Kg8 38. h6 Qf8 39. Kxg2 Re6 40. Qf4 Qd6 41.
Qf3 Re4 42. Kf1 f5 43. gxf6 Kf7 44. Ke2 Qe6 45. Kd3 Qf5 46. Qd1 c2 47. Qd2 Re8+
48. Kc3 Kxf6 49. Qh2 Rc8+ 50. Kb2 Kf7 51. Qd6 g5 52. Qxa6 Qe6 53. Qb7+ Kg6 54.
e4 Kxh6 55. exd5 Qg4 56. Qb6+ Kh5 57. Qf6 Rc7 58. b5 Rd7 59. b6 h6 60. Qe5 Qh3
61. Qe8+ Kh4 62. Qe6 h5 63. Bxg5+ Kg3 64. Bf4+ Kg2 65. Qxh3+ Kxh3 66. Bc7 Rxd5
67. b7 Rb5 68. b8=Q Rxb8 69. Bxb8 1-0

[Event "57th Biel Rapid Open"]
[Site "Biel SUI"]
[Date "2024.07.14"]
[Round "4.8"]
[White "Moiseenko, Alexander"]
[Black "Xiao, Tong(QD)"]
[Result "1/2-1/2"]
[WhiteTitle "GM"]
[WhiteElo "2570"]
[BlackElo "2518"]
[WhiteFideId "14102560"]
[BlackFideId "8622388"]
[EventDate "2024.07.14"]
[EventType "swiss"]

1. d4 Nf6 2. Bg5 e6 3. e4 h6 4. Bxf6 Qxf6 5. c3 d6 6. Bd3 e5 7. Ne2 Nc6 8. O-O
Bd7 9. Bb5 a6 10. Ba4 b5 11. Bb3 Na5 12. f4 exd4 13. cxd4 Nxb3 14. axb3 Be7 15.
Nbc3 c6 16. Ng3 h5 17. e5 Qh6 18. Qf3 h4 19. Nf5 Qg6 20. Nxe7 Kxe7 21. f5 Qh6
22. Ne4 d5 23. Nc5 f6 24. Rae1 Kd8 25. Qc3 a5 26. Nxd7 Kxd7 27. Qc5 fxe5 28.
dxe5 h3 29. f6 Kc7 30. Re2 Kb7 31. f7 Raf8 32. e6 hxg2 33. Qe7+ Kb6 34. Rxg2
Qe3+ 35. Kh1 Qd3 36. Rgf2 Rxh2+ 37. Kxh2 Rh8+ 38. Kg1 Qg3+ 39. Rg2 Qe3+ 40. Rff2
Qe1+ 41. Rf1 Qe3+ 1/2-1/2

[Event "57th Biel Rapid Open"]
[Site "Biel SUI"]
[Date "2024.07.14"]
[Round "4.9"]
[White "Vincenti, Leonardo"]
[Black "Sadorra, Julio Catalino"]
[Result "1/2-1/2"]
[WhiteTitle "CM"]
[BlackTitle "GM"]
[WhiteElo "2163"]
[BlackElo "2542"]
[WhiteFideId "28550820"]
[BlackFideId "5201268"]
[EventDate "2024.07.14"]
[EventType "swiss"]

1. e4 e6 2. d4 d5 3. Nd2 Nc6 4. Ngf3 Nf6 5. e5 Nd7 6. c3 f6 7. exf6 Qxf6 8. Bd3
Bd6 9. Nf1 e5 10. dxe5 Ndxe5 11. Nxe5 Nxe5 12. Be2 O-O 13. Be3 Be6 14. Ng3 c6
15. O-O Qh4 16. Qd2 Ng4 17. Bxg4 Qxg4 18. Rfe1 Rf7 19. a4 h5 20. Qd3 Raf8 21. a5
Bc8 22. b3 h4 23. Ra4 Bf4 24. f3 Qg5 25. Bxf4 Rxf4 26. Rxf4 Qxf4 27. Ne2 Qc7 28.
Nd4 Qxa5 29. Re7 Qc5 30. Qe3 Qd6 31. b4 h3 32. g3 Bd7 33. Qg5 Rf7 34. Nf5 Bxf5
35. Rxf7 Kxf7 36. Qxf5+ Qf6 37. Qd7+ Qe7 38. Qf5+ Qf6 39. Qd7+ Kg6 40. Qg4+ Qg5
41. Qe6+ Qf6 42. Qg4+ Kf7 1/2-1/2

[Event "57th Biel Rapid Open"]
[Site "Biel SUI"]
[Date "2024.07.14"]
[Round "4.10"]
[White "Nasybullina, Alfia"]
[Black "Bilguun, Sumiya"]
[Result "0-1"]
[WhiteTitle "WIM"]
[BlackTitle "GM"]
[WhiteElo "1997"]
[BlackElo "2458"]
[WhiteFideId "4132416"]
[BlackFideId "4901541"]
[EventDate "2024.07.14"]
[EventType "swiss"]

1. d4 d5 2. c4 e6 3. Nc3 a6 4. cxd5 exd5 5. Nf3 Nf6 6. Bf4 Bd6 7. Be5 c6 8. e3
Qe7 9. Qc2 Nbd7 10. Bxd6 Qxd6 11. Bd3 Nf8 12. h3 Ng6 13. a3 O-O 14. O-O Be6 15.
Na4 Ne8 16. Nc5 Qe7 17. Bf5 Bxf5 18. Qxf5 Rd8 19. Rac1 Nd6 20. Qg5 f6 21. Qh5
Rfe8 22. Rc2 Nh8 23. Nh4 g6 24. Qd1 g5 25. Nf3 h5 26. Ne1 Qh7 27. Qd3 Ng6 28. f4
g4 29. hxg4 hxg4 30. g3 Ne7 31. Qxh7+ Kxh7 32. Rh2+ Kg6 33. Rh4 Nef5 34. Rxg4+
Kh5 0-1